| 000 | 00478cam a22001217a 4500 | ||
|---|---|---|---|
| 008 | 180718b1995 xxu||||| |||| 00| 0 eng d | ||
| 082 | _aA81x54 91/7/PT12 A&B/P | ||
| 100 | _aCensus of India 1991 | ||
| 245 | _aGujarat district census handbook, Panch Mahals: village and town directory, village and townwise primary census abstract | ||
| 260 |
_aAhmadabad _bDirector of Census Operations _c1995 |
||
| 300 | _a721+p. | ||
| 440 | _aCensus of India 1991. Series-7, Gujarat. Part XII-A&B | ||
| 999 |
_c481578 _d481578 |
||